00528nam a2200145 u 450000100100000000500170001000800410002704000250006808200150009310000390010824501260014726000520027330000280032570000290035300002060520200930011131.0100811s2014 dr a r 00 0 spa d aDO-SdBNPbspacBNPHU axxxbA162s 1aAbréu Gutiérrez, Juan Aníbal10aSan Jose de las Matas :b200 años de historia parroquial /cJuan Aníbal Abréu Gutiérrez, Haliday Saturria Vargas. aSanto Domingo :bCooperativa San José,c2014. a123 p. :bil. ;c31 cm. aSaturria Vargas, Haliday